000 01801nam0a2200361 i 4500
001 RU\NLR\BIBL_A\010783239
005 20260407054958.0
010 _a9785935304218
_d295 р.
_91000
021 _aRU
_b2015-36160
_92144
035 _a(NILC)LIBNET\0000548672
035 _aRU/ЦНСХБ СО РАСХН/ECA/0000028881
035 _a(NLR Aleph) 010783239
090 _a10078695
_c10078695
100 _a20150617d2014 km y0rusy50 ca
101 0 _arus
102 _aRU
105 _aa|||z||||01yy
200 1 _aАпоптоз, иммунодефицит, сепсис - три слагаемых оппортунистических инфекций животных
_eмонография
_fА. А. Блохин
_gНФГБНУ "Науч.- исслед. вет. ин-т Нечернозем. зоны Рос. Федерации"
210 _aНижний Новгород
_cИздательский салон
_d2014
215 _a217 с.
_cцв.ил.
_d20
320 _aБиблиогр.: с. 213-217 (62 назв.)
606 _aОппортунистические инфекции животных
_92239776
_3RU\NLR\AUTH\6601575529
686 1 _aП873.1
700 1 _aБлохин
_bА. А.
_gАндрей Александрович
_4070
712 0 2 _4570
_aНаучно-исследовательский ветеринарный институт Нечерноземной зоны Российской Федерации
_cНижний Новгород
_3RU\NLR\AUTH\8810025429
_9549100
801 0 _bЦНСХБ СО РАСХН
_aRU
_c20150220
_gPSBO
801 1 _bЦНСХБ СО РАСХН
_aRU
_c20150220
801 2 _aRU
_bЦНСХБ СО РАСХН
_c20150507
_2rusmarc
830 _a084
942 _cBOOK
980 _aNBR